00325nam a2200133Ia 4500008004100000041000800041082001400049100001200063245001800075250001200093260005600105300000800161650002200169230711s9999||||xx |||||||||||||| ||und|| aENG a624bRA-A aM.N Rao 0aAir Pollution a1st Ed. c1994aNew DelhibTata McGraw Hill Education Limited a339 aCivil Engineering